[Event "Olimpiade 2022 - Open"]
[Site "Chennai"]
[Date "05.08.2022"]
[Round "7.10"]
[Board "3"]
[White "Mekhitarian, Krikor Sevag"]
[Black "Howell, David W L"]
[Result "0-1"]
[WhiteTitle "GM"]
[BlackTitle "GM"]
[WhiteElo "2542"]
[BlackElo "2650"]
[WhiteTeam "Brazil"]
[BlackTeam "England"]
[WhiteFideId "2107660"]
[BlackFideId "410608"]
[EventDate "2022.07.29"]

1. d4 Nf6 2. c4 g6 3. Nc3 d5 4. cxd5 Nxd5 5. e4 Nxc3 6. bxc3 Bg7 7. Bc4 c5 8.
Ne2 Nc6 9. Be3 O-O 10. O-O cxd4 11. cxd4 e6 12. Rc1 Bd7 13. Qd2 Rc8 14. Rfd1 Qa5
15. d5 Qxd2 16. Rxd2 exd5 17. Bxd5 Be6 18. f3 a6 19. Nf4 Bxd5 20. Nxd5 Rfe8 21.
g4 f5 22. exf5 gxf5 23. g5 Kf7 24. Kf2 Ne5 25. Rxc8 Rxc8 26. Nb6 Rc6 27. Kg3 Ke6
28. Nd5 Nc4 29. Nf4+ Ke7 30. Re2 Kf7 31. Bc1 Be5 32. Kg2 Rd6 33. Rc2 b5 34. Ne2
Rc6 35. Kf2 a5 36. Bf4 Bg7 37. Ng3 Rc5 38. Be3 Rd5 39. a4 Nxe3 40. Kxe3 bxa4 41.
Ra2 a3 42. Rxa3 Bb2 43. Rb3 Bc1+ 44. Kf2 Bxg5 45. Rb7+ Be7 46. Ra7 Ke6 47. Ke2
Bb4 48. Rxh7 a4 49. Rh4 Rd2+ 50. Ke3 Rb2 51. Rh6+ Kd5 52. Ra6 a3 53. Nxf5 a2 54.
Kf4 Kc4 55. Ne3+ Kb3 56. h4 Ba3 57. Nc4 a1=Q 58. Rxa3+ Qxa3 59. Nxa3 Kxa3 60. h5
Kb4 61. h6 Kc5 62. Kf5 Kd6 63. Kf6 Rh2 64. Kg7 Ke7 65. h7 Rg2+ 66. Kh6 Rh2+ 67.
Kg7 Rg2+ 68. Kh6 Kf7 69. h8=N+ Kf6 70. Kh7 Rg7+ 71. Kh6 Rg3 72. Kh7 Rxf3 73. Kg8
Rg3+ 74. Kf8 Rg7 0-1

[Event "Olimpiade 2022 - Open"]
[Site "Chennai"]
[Date "05.08.2022"]
[Round "7.10"]
[Board "4"]
[White "Haria, Ravi"]
[Black "Diamant, Andre"]
[Result "0-1"]
[WhiteTitle "GM"]
[BlackTitle "GM"]
[WhiteElo "2505"]
[BlackElo "2538"]
[WhiteTeam "England"]
[BlackTeam "Brazil"]
[WhiteFideId "415820"]
[BlackFideId "2108356"]
[EventDate "2022.07.29"]

1. e4 e5 2. Nf3 Nf6 3. Nxe5 d6 4. Nf3 Nxe4 5. Bd3 Nf6 6. O-O Be7 7. c3 O-O 8.
Re1 Bg4 9. Be2 Nbd7 10. d4 c6 11. h3 Bh5 12. Bf4 Re8 13. Nbd2 d5 14. Ne5 Bxe2
15. Rxe2 Bf8 16. Qc2 Nxe5 17. dxe5 Nd7 18. Rae1 Nc5 19. Bg3 a5 20. Kh1 Qg5 21.
c4 Rac8 22. Nf3 Qh5 23. cxd5 cxd5 24. Qd1 a4 25. Rd2 a3 26. bxa3 Ne4 27. Rc2
Rxc2 28. Qxc2 Bc5 29. Rd1 Qg6 30. Kh2 Nxf2 31. Qxg6 hxg6 32. Rxd5 Ne4 33. Bf4
Bxa3 34. Be3 Bf8 35. Rd7 b5 36. Rb7 b4 37. Bd4 Ra8 38. h4 Nc3 39. Bxc3 bxc3 40.
Rc7 Bb4 41. Kg3 Kf8 42. Rc4 Ba5 43. Kf4 Rb8 44. Rc5 Rb4+ 45. Kg3 Ra4 46. e6 fxe6
47. Ne5 Rxa2 48. Nc6 Bc7+ 49. Kf3 Rf2+ 50. Kxf2 Bb6 51. Ke2 Bxc5 52. Kd3 Bf2 53.
Ne5 g5 54. hxg5 Be1 55. Nf3 Bd2 56. Nd4 Kf7 57. g3 Bxg5 58. Nf3 Bf6 59. g4 Kg6
60. Ke3 e5 61. g5 Bxg5+ 0-1

[Event "Olimpiade 2022 - Open"]
[Site "Chennai"]
[Date "05.08.2022"]
[Round "7.11"]
[Board "1"]
[White "Maghsoodloo, Parham"]
[Black "Smirnov, Anton"]
[Result "1-0"]
[WhiteTitle "GM"]
[BlackTitle "GM"]
[WhiteElo "2701"]
[BlackElo "2600"]
[WhiteTeam "Iran"]
[BlackTeam "Australia"]
[WhiteFideId "12539929"]
[BlackFideId "3208923"]
[EventDate "2022.07.29"]

1. d4 d5 2. c4 c6 3. e3 Bf5 4. Nc3 e6 5. f3 Nf6 6. g4 Bg6 7. h4 h6 8. Nge2 Bd6
9. Qb3 b6 10. cxd5 exd5 11. Nf4 Bh7 12. Bd2 g5 13. Nfe2 Qe7 14. hxg5 hxg5 15.
Bg2 Na6 16. e4 Nd7 17. exd5 c5 18. Ne4 f6 19. Qd3 c4 20. Qxc4 Nc7 21. Nxd6+ Qxd6
22. Bb4 1-0

[Event "Olimpiade 2022 - Open"]
[Site "Chennai"]
[Date "05.08.2022"]
[Round "7.11"]
[Board "2"]
[White "Kuybokarov, Temur"]
[Black "Tabatabaei, M. Amin"]
[Result "1/2-1/2"]
[WhiteTitle "GM"]
[BlackTitle "GM"]
[WhiteElo "2583"]
[BlackElo "2664"]
[WhiteTeam "Australia"]
[BlackTeam "Iran"]
[WhiteFideId "14203049"]
[BlackFideId "12521213"]
[EventDate "2022.07.29"]

1. e4 e5 2. Nf3 Nc6 3. Bb5 a6 4. Ba4 Nf6 5. O-O Be7 6. d3 b5 7. Bb3 d6 8. a3 Na5
9. Ba2 c5 10. Nc3 Be6 11. Nh4 Ra7 12. Nf5 Bxf5 13. exf5 d5 14. Bg5 Rd7 15. Qe1
Nc6 16. f4 h6 17. Bh4 exf4 18. Bxf6 gxf6 19. Ne2 O-O 20. Qh4 Kh7 21. Rae1 Rg8
22. Nxf4 Ne5 23. Re3 Rg4 24. Qh3 Rg5 25. Rg3 Kg7 26. Qh4 Kh7 27. Nh5 Qg8 28. Re1
Rxg3 29. hxg3 Qg5 30. Nf4 d4 31. Bd5 c4 32. Be4 Kg8 33. Nd5 Kf8 34. Qf4 Kg7 35.
Kf1 Bd6 36. Qxg5+ hxg5 37. Ke2 a5 38. a4 bxa4 39. Ra1 cxd3+ 40. Bxd3 Rb7 41.
Rxa4 Rxb2 42. Rxa5 Nxd3 43. Kxd3 Bxg3 44. Ra8 Rb1 45. Kxd4 Rg1 46. Ne7 Rxg2 47.
Rg8+ Kh7 48. Rf8 Be5+ 49. Ke4 Kg7 50. Rg8+ Kh7 51. Rf8 Kg7 52. Rg8+ Kh7 1/2-1/2

[Event "Olimpiade 2022 - Open"]
[Site "Chennai"]
[Date "05.08.2022"]
[Round "7.11"]
[Board "4"]
[White "Zhao, Zong-Yuan"]
[Black "Mousavi, Seyed Khalil"]
[Result "0-1"]
[WhiteTitle "GM"]
[BlackTitle "IM"]
[WhiteElo "2513"]
[BlackElo "2537"]
[WhiteTeam "Australia"]
[BlackTeam "Iran"]
[WhiteFideId "3202534"]
[BlackFideId "12511099"]
[EventDate "2022.07.29"]

1. d4 Nf6 2. c4 e6 3. Nf3 Bb4+ 4. Nbd2 O-O 5. a3 Be7 6. e3 d5 7. b4 b6 8. Bb2
Bb7 9. c5 Ne4 10. Be2 f5 11. Ne5 Nc6 12. Ndf3 bxc5 13. dxc5 a5 14. Nxc6 Bxc6 15.
Ne5 Qe8 16. f3 Ng5 17. Nxc6 Qxc6 18. Bd4 Nf7 19. b5 Qd7 20. Rc1 e5 21. Bb2 Bg5
22. Qd2 f4 23. e4 Bh4+ 24. Kd1 d4 25. Bc4 Kh8 26. a4 Be7 27. Bd5 Rab8 28. Qxa5
Nd8 29. Qa7 Ne6 30. Ba3 d3 31. Rc3 Nd4 32. Rxd3 Qc8 33. Kd2 Bh4 34. Rxd4 exd4
35. c6 Bf2 36. Qc5 Rf6 37. Rf1 Be3+ 38. Kd3 Rg6 39. Qc2 Qd8 40. Bc5 Rg5 41. Qa2
Qf6 42. Rc1 Bxc1 43. a5 Rxb5 44. Qc4 Rb1 45. Bxd4 Qd6 46. Bc5 Qd8 47. a6 Rxg2
48. a7 Rd2+ 0-1

[Event "Olimpiade 2022 - Open"]
[Site "Chennai"]
[Date "05.08.2022"]
[Round "7.13"]
[Board "1"]
[White "Duda, Jan-Krzysztof"]
[Black "Paragua, Mark"]
[Result "0-1"]
[WhiteTitle "GM"]
[BlackTitle "GM"]
[WhiteElo "2750"]
[BlackElo "2461"]
[WhiteTeam "Poland"]
[BlackTeam "Philippines"]
[WhiteFideId "1170546"]
[BlackFideId "5201241"]
[EventDate "2022.07.29"]

1. e4 c5 2. Nf3 d6 3. d4 cxd4 4. Nxd4 Nf6 5. Nc3 a6 6. h3 e5 7. Nde2 h5 8. Bg5
Be6 9. Bxf6 Qxf6 10. Nd5 Qd8 11. Qd3 Nd7 12. O-O-O g6 13. Kb1 Nc5 14. Qa3 h4 15.
Nec3 Bg7 16. Ne3 O-O 17. b4 Nd7 18. Rxd6 Qc7 19. Rd2 Nb6 20. Ncd5 Bxd5 21. Rxd5
Nxd5 22. Nxd5 Qd8 23. Qe3 a5 24. a3 axb4 25. axb4 Qd7 26. Bc4 Qa4 27. Qc3 b5 28.
Bb3 Qa7 29. Rf1 Rfc8 30. Qb2 Rc6 31. Nc3 Ra6 32. Na2 Qd4 33. Bd5 Rd8 34. Qb3 Kh7
35. Qd3 Rxd5 36. exd5 Qa7 0-1

[Event "Olimpiade 2022 - Open"]
[Site "Chennai"]
[Date "05.08.2022"]
[Round "7.15"]
[Board "1"]
[White "Navara, David"]
[Black "Megaranto, Susanto"]
[Result "1-0"]
[WhiteTitle "GM"]
[BlackTitle "GM"]
[WhiteElo "2688"]
[BlackElo "2529"]
[WhiteTeam "Czech Republic"]
[BlackTeam "Indonesia"]
[WhiteFideId "309095"]
[BlackFideId "7101384"]
[EventDate "2022.07.29"]

1. e4 Nf6 2. e5 Nd5 3. d4 d6 4. Nf3 Bg4 5. Be2 e6 6. h3 Bh5 7. O-O Be7 8. c4 Nb6
9. Nc3 O-O 10. Be3 N8d7 11. b3 dxe5 12. Nxe5 Nxe5 13. Bxh5 Ng6 14. g3 c6 15. Qe2
Nc8 16. Rad1 Qa5 17. Ne4 Nd6 18. Bd2 Qd8 19. Nc5 Bf6 20. Bc3 Qc7 21. Rd3 Rad8
22. Bf3 Rfe8 23. Ne4 Nxe4 24. Bxe4 Re7 25. h4 Red7 26. h5 Ne7 27. Rfd1 c5 28.
Qe3 cxd4 29. Bxd4 Bxd4 30. Rxd4 Rxd4 31. Rxd4 Rxd4 32. Qxd4 b6 33. b4 f5 34. Bg2
Kf7 35. c5 bxc5 36. bxc5 Ng8 37. c6 Nf6 38. Qb4 Ne8 39. h6 gxh6 40. Bf3 Qd6 41.
Qb7+ Nc7 42. Qxa7 e5 43. Qb8 e4 44. Bh5+ Ke6 45. Qc8+ Ke5 46. Qd7 Ne6 47. Bf7
Nd8 48. Be8 Ne6 49. Bf7 Nd8 50. Be8 Ne6 51. Qxd6+ Kxd6 52. Bd7 Nc5 53. Kg2 Kc7
54. a3 Kd6 55. Kh3 Kc7 56. Bxf5 Kxc6 57. Bxh7 Kd5 58. Bg6 Kd4 59. Be8 e3 60.
fxe3+ Kxe3 61. a4 Nb7 62. Kh4 Nd6 63. Bg6 Nb7 64. Kh5 Kf3 65. g4 Kf4 66. Bf5 1-0

[Event "Olimpiade 2022 - Open"]
[Site "Chennai"]
[Date "05.08.2022"]
[Round "7.16"]
[Board "1"]
[White "Deac, Bogdan-Daniel"]
[Black "Bachmann, Axel"]
[Result "1-0"]
[WhiteTitle "GM"]
[BlackTitle "GM"]
[WhiteElo "2692"]
[BlackElo "2588"]
[WhiteTeam "Romania"]
[BlackTeam "Paraguay"]
[WhiteFideId "1226380"]
[BlackFideId "3700488"]
[EventDate "2022.07.29"]

1. e4 c5 2. Nf3 e6 3. d4 cxd4 4. Nxd4 Nc6 5. a3 d5 6. exd5 exd5 7. Nc3 Nf6 8.
Be3 Bd6 9. Qd2 O-O 10. O-O-O Be6 11. f3 Nxd4 12. Bxd4 Nd7 13. f4 Nc5 14. g3 Rc8
15. Bg2 Qd7 16. Kb1 Rfd8 17. Qe3 Re8 18. Qf2 Bg4 19. Rde1 Na4 20. Qd2 Bf5 21.
Rxe8+ Qxe8 22. Re1 Qd7 23. Bxd5 Bc5 24. Nxa4 Bxd4 25. Qxd4 Bxc2+ 26. Ka1 Bxa4
27. Qxa7 Qxd5 28. Qxa4 h5 29. Qd1 Qxd1+ 30. Rxd1 Rc2 31. h4 g6 32. Rd3 Kf8 33.
Rb3 Rc7 34. Kb1 Ke8 35. Rb6 Kd7 36. f5 gxf5 37. Rf6 Rc4 38. Rxf7+ Ke6 39. Rxb7
Rg4 40. Rb3 f4 41. gxf4 Rxh4 42. Rb5 Kf6 43. Rg5 Rh1+ 44. Ka2 h4 45. a4 Rf1 46.
Rg4 Rh1 47. a5 Kf5 48. Rg8 Rd1 49. Rh8 Kg4 50. b4 h3 51. a6 1-0

[Event "Olimpiade 2022 - Open"]
[Site "Chennai"]
[Date "05.08.2022"]
[Round "7.16"]
[Board "2"]
[White "Delgado Ramirez, Neuris"]
[Black "Lupulescu, Constantin"]
[Result "1/2-1/2"]
[WhiteTitle "GM"]
[BlackTitle "GM"]
[WhiteElo "2614"]
[BlackElo "2628"]
[WhiteTeam "Paraguay"]
[BlackTeam "Romania"]
[WhiteFideId "3503631"]
[BlackFideId "1207822"]
[EventDate "2022.07.29"]

1. e4 e6 2. d4 d5 3. Nc3 Nf6 4. e5 Nfd7 5. f4 c5 6. Nf3 Nc6 7. Be3 Be7 8. Qd2 a6
9. a3 b5 10. dxc5 Nxc5 11. Qf2 Nd7 12. Bd3 O-O 13. O-O f6 14. exf6 Nxf6 15. Nd4
Bd7 16. Nxc6 Bxc6 17. Bd4 Bd7 18. Kh1 Qc7 19. Be5 Bd6 20. Bxd6 Qxd6 21. Qd4 Rab8
22. b4 Qb6 23. Ne2 Be8 24. Qxb6 Rxb6 25. Nd4 Bg6 26. f5 exf5 27. Nxf5 Re8 28. h3
Bxf5 29. Rxf5 g6 30. Rf4 Ne4 31. a4 bxa4 32. Rxa4 Ree6 33. Kh2 Kg7 34. c4 Nc3
35. Ra3 dxc4 36. Bxc4 Nb5 37. Raf3 Re7 38. Rf7+ Rxf7 39. Rxf7+ Kh8 40. Bxb5 1/2-1/2

[Event "Olimpiade 2022 - Open"]
[Site "Chennai"]
[Date "05.08.2022"]
[Round "7.16"]
[Board "4"]
[White "Zacarias, M Ruben D"]
[Black "Jianu, Vlad-Cristian"]
[Result "0-1"]
[WhiteTitle "FM"]
[BlackTitle "GM"]
[WhiteElo "2175"]
[BlackElo "2511"]
[WhiteTeam "Paraguay"]
[BlackTeam "Romania"]
[WhiteFideId "3700755"]
[BlackFideId "1208110"]
[EventDate "2022.07.29"]

1. e4 c6 2. d4 d5 3. e5 Bf5 4. h4 h5 5. Bd3 Bxd3 6. Qxd3 Qa5+ 7. Nd2 e6 8. Nf3
Nh6 9. O-O Nf5 10. Nb3 Qb5 11. Qd1 c5 12. a4 Qb6 13. dxc5 Bxc5 14. Nxc5 Qxc5 15.
Bg5 Nc6 16. c3 Rc8 17. Re1 Qb6 18. b3 Nce7 19. Rc1 a6 20. Nd2 Rc6 21. c4 Qd4 22.
cxd5 Qxd5 23. Ne4 Qxd1 24. Rexd1 Rxc1 25. Rxc1 Nc6 26. Nc5 O-O 27. Bf4 Ncd4 28.
Kf1 Nxh4 29. Rc4 Nhf5 30. Nxb7 Nxb3 31. Rc7 Nbd4 32. Nc5 Rb8 33. g3 Rb1+ 34. Kg2
Ne2 35. Bg5 Rg1+ 36. Kf3 Nexg3 37. Rc8+ Kh7 38. Nd7 Nd4+ 39. Kf4 Nge2+ 40. Ke4
Rxg5 41. Nf8+ Kh6 42. Nd7 Rg4+ 43. Ke3 Ng1 44. f4 Nf5+ 45. Ke4 g5 46. Nf6 Rxf4+
47. Kd3 Ne7 48. Rh8+ Kg6 49. Rxh5 Nf3 0-1

[Event "Olimpiade 2022 - Open"]
[Site "Chennai"]
[Date "05.08.2022"]
[Round "7.19"]
[Board "1"]
[White "Vocaturo, Daniele"]
[Black "Ferreira, Jorge Viterbo"]
[Result "1/2-1/2"]
[WhiteTitle "GM"]
[BlackTitle "GM"]
[WhiteElo "2616"]
[BlackElo "2499"]
[WhiteTeam "Italy"]
[BlackTeam "Portugal"]
[WhiteFideId "813192"]
[BlackFideId "1910850"]
[EventDate "2022.07.29"]

1. e4 e5 2. Nf3 Nf6 3. Nxe5 d6 4. Nf3 Nxe4 5. d4 d5 6. Bd3 Bf5 7. O-O Be7 8. Re1
O-O 9. c4 Nc6 10. cxd5 Qxd5 11. Nc3 Nxc3 12. bxc3 Rae8 13. Bf4 Bd8 14. Re3 Rxe3
15. fxe3 Bxd3 16. Qxd3 Re8 17. Nd2 Ne5 18. Bxe5 Rxe5 19. e4 Qd7 20. Nc4 Re8 21.
a4 b6 22. Nd2 a5 23. Nf3 c6 24. Rb1 Bc7 25. g3 h6 26. Rb2 Rb8 27. c4 c5 28. d5
Qxa4 29. e5 Re8 30. d6 Qd7 1/2-1/2

[Event "Olimpiade 2022 - Open"]
[Site "Chennai"]
[Date "05.08.2022"]
[Round "7.20"]
[Board "2"]
[White "Sklyarov, Dmitry V."]
[Black "Andersen, Mads"]
[Result "1/2-1/2"]
[WhiteTitle "IM"]
[BlackTitle "GM"]
[WhiteElo "2474"]
[BlackElo "2587"]
[WhiteTeam "Finland"]
[BlackTeam "Denmark"]
[WhiteFideId "4157052"]
[BlackFideId "1413864"]
[EventDate "2022.07.29"]

1. e4 e5 2. Nf3 Nc6 3. Nc3 Nf6 4. d4 exd4 5. Nxd4 Bb4 6. Nxc6 bxc6 7. Bd3 O-O 8.
O-O d5 9. exd5 Bg4 10. f3 Bh5 11. dxc6 Qd4+ 12. Kh1 Bxc3 13. bxc3 Qxc3 14. Bf4
Qxc6 15. Qe2 Nd5 16. Bg3 Bg6 17. Bb5 Qxc2 18. Qxc2 Bxc2 19. Rfc1 Bf5 20. Bc6
Rad8 21. Bxd5 Rxd5 22. Rxc7 Rfd8 23. h4 R8d7 24. Rc8+ Rd8 25. Rc7 R8d7 26. Rc8+
Rd8 27. Rc7 1/2-1/2

[Event "Olimpiade 2022 - Open"]
[Site "Chennai"]
[Date "05.08.2022"]
[Round "7.20"]
[Board "3"]
[White "Thybo, Jesper Sondergaard"]
[Black "Sipila, Vilka"]
[Result "1/2-1/2"]
[WhiteTitle "GM"]
[BlackTitle "IM"]
[WhiteElo "2520"]
[BlackElo "2416"]
[WhiteTeam "Denmark"]
[BlackTeam "Finland"]
[WhiteFideId "1438832"]
[BlackFideId "505455"]
[EventDate "2022.07.29"]

1. d4 e6 2. c4 f5 3. g3 Nf6 4. Bg2 Be7 5. Nf3 O-O 6. O-O d6 7. b3 a5 8. Bb2 Ne4
9. Nfd2 d5 10. f3 Nxd2 11. Nxd2 Nc6 12. f4 a4 13. bxa4 Na5 14. Qc2 b6 15. Rfc1
c5 16. cxd5 exd5 17. dxc5 Bxc5+ 18. Kh1 Be6 19. Nf3 Nc4 20. Ng5 Qe8 21. Qb3 Kh8
22. Nxe6 Qxe6 23. Bf3 Ra7 24. Rd1 Nxb2 25. Qxb2 d4 26. Qb3 Qe8 27. Qb5 Ra5 28.
Qxe8 Rxe8 29. Rac1 g6 30. Rc4 Kg7 31. Rb1 Re7 32. Rb5 Rea7 33. Rxa5 Rxa5 34. Bc6
Kf6 35. Kg2 Ke6 36. Rc2 Kd6 37. Bb5 Ra7 38. h3 Re7 39. Bd3 Ra7 40. Rc4 Kd5 41.
Kf3 h5 42. Kg2 Ra8 43. Kf2 Ra5 44. g4 hxg4 45. hxg4 Ra8 46. Kg3 Ke6 47. Bc2 Kd5
48. Bd3 Bd6 49. gxf5 gxf5 50. Rc1 Re8 51. Bc4+ Ke4 52. Rf1 Re7 53. Bd3+ Ke3 54.
Rf3+ Kd2 55. Kf2 Re8 56. Bb5 Re4 57. Bd3 Rxf4 58. Rxf4 Bxf4 59. Kf3 Be3 60. Bxf5
Kc3 61. Be6 1/2-1/2

[Event "Olimpiade 2022 - Open"]
[Site "Chennai"]
[Date "05.08.2022"]
[Round "7.20"]
[Board "4"]
[White "Koykka, Pekka"]
[Black "Rasmussen, Allan Stig"]
[Result "1/2-1/2"]
[WhiteTitle "FM"]
[BlackTitle "GM"]
[WhiteElo "2361"]
[BlackElo "2550"]
[WhiteTeam "Finland"]
[BlackTeam "Denmark"]
[WhiteFideId "504319"]
[BlackFideId "1406000"]
[EventDate "2022.07.29"]

1. e4 c5 2. Nf3 e6 3. d4 cxd4 4. Nxd4 Nc6 5. Nc3 Qc7 6. Be3 a6 7. Bd3 Nf6 8. O-O
Ne5 9. Nf3 Nfg4 10. Nxe5 Nxe3 11. Qh5 g6 12. Qf3 Qxe5 13. fxe3 f6 14. Qxf6 Qxf6
15. Rxf6 Bg7 16. Rf3 b5 17. Raf1 Bb7 18. Nd1 Rc8 19. c3 Rf8 20. a3 Ke7 21. Nf2
Rc5 22. Rxf8 Bxf8 23. Re1 Bg7 24. Be2 a5 25. Bf3 Rc4 26. Be2 Rc5 27. Bf3 Rc7 28.
Nd3 Ba6 29. Rd1 b4 30. axb4 Bxd3 31. Rxd3 axb4 32. cxb4 Rc1+ 33. Bd1 Bxb2 34.
Kf2 Be5 35. g3 Rb1 36. Ba4 Rb2+ 37. Kg1 d6 38. Rb3 Ra2 39. Bc6 Kd8 40. b5 Kc7
41. Be8 Kb6 42. Bf7 Ra5 43. Bxe6 Rxb5 44. Kg2 Rxb3 45. Bxb3 Kc7 46. Bg8 h6 47.
Kf3 Kd8 48. Bh7 g5 49. Kg4 Ke7 50. Kh5 Kf6 51. Kxh6 Bc3 52. h4 gxh4 53. gxh4 Bd2
54. Bg8 Bxe3+ 55. Kh7 Bf4 56. Bd5 Be3 57. h5 Bf4 58. h6 Be3 59. Bc4 Ke5 1/2-1/2

[Event "Olimpiade 2022 - Open"]
[Site "Chennai"]
[Date "05.08.2022"]
[Round "7.21"]
[Board "1"]
[White "Tin, Jingyao"]
[Black "Laurusas, Tomas"]
[Result "1-0"]
[WhiteTitle "IM"]
[BlackTitle "GM"]
[WhiteElo "2552"]
[BlackElo "2561"]
[WhiteTeam "Singapore"]
[BlackTeam "Lithuania"]
[WhiteFideId "5804418"]
[BlackFideId "12803731"]
[EventDate "2022.07.29"]

1. d4 Nf6 2. c4 c6 3. e3 d5 4. Nf3 Bf5 5. Nc3 e6 6. Nh4 Be4 7. f3 Bg6 8. Bd2
Nbd7 9. Nxg6 hxg6 10. Qc2 a6 11. O-O-O Be7 12. Kb1 dxc4 13. Bxc4 b5 14. Be2 c5
15. d5 exd5 16. Bc1 Nb6 17. f4 Qc7 18. g4 O-O-O 19. g5 Nh5 20. Bf3 d4 21. Ne2
Bd6 22. exd4 c4 23. Rhf1 Kb8 24. Qd2 b4 25. d5 Qc5 26. Nd4 Kc7 27. Be4 Rhe8 28.
Qg2 Kb7 29. f5 gxf5 30. Rxf5 Rd7 31. Qf3 Rxe4 32. Qxe4 g6 33. Rff1 Qxd5 34.
Qxd5+ Nxd5 35. Nf5 Kc6 36. Nxd6 Rxd6 37. Rd4 Kc5 38. Rfd1 c3 39. R1d3 cxb2 40.
Kxb2 Ng7 41. Bf4 Rd7 42. Be3 Kc6 43. Rc4+ Kd6 44. Rxb4 Ne6 45. Re4 Rb7+ 46. Kc1
Rc7+ 47. Kd2 Rc6 48. h4 Rc8 49. Ra4 Ke5 50. Ra5 Rd8 51. Rxa6 Rd7 52. Ra7 Rd8 53.
Bf2 f5 54. gxf6 Kxf6 55. Bb6 Rb8 56. Rxd5 Rxb6 57. Ra4 Rb2+ 58. Kc3 Rh2 59. Re4
Ng7 60. a4 Nf5 61. a5 Nxh4 62. a6 Nf5 63. Ra5 Rh8 64. a7 Ra8 65. Rb4 1-0

[Event "Olimpiade 2022 - Open"]
[Site "Chennai"]
[Date "05.08.2022"]
[Round "7.21"]
[Board "2"]
[White "Stremavicius, Titas"]
[Black "Goh, Wei Ming Kevin"]
[Result "1-0"]
[WhiteTitle "GM"]
[BlackTitle "GM"]
[WhiteElo "2532"]
[BlackElo "2453"]
[WhiteTeam "Lithuania"]
[BlackTeam "Singapore"]
[WhiteFideId "12804444"]
[BlackFideId "5800706"]
[EventDate "2022.07.29"]

1. c4 e5 2. Nc3 Nf6 3. Nf3 e4 4. Ng5 c6 5. Ngxe4 Nxe4 6. Nxe4 d5 7. cxd5 cxd5 8.
Ng3 h5 9. e3 h4 10. Ne2 Nc6 11. d4 Qf6 12. Nc3 Bd6 13. a3 Qg6 14. h3 O-O 15. Qf3
Na5 16. Qxd5 b6 17. Bd2 Bb7 18. Qa2 Rac8 19. b4 Nc6 20. Qb1 f5 21. Bc4+ Kh8 22.
Bd5 Na5 23. Bxb7 Nxb7 24. O-O Bb8 25. Qd3 Nd6 26. Rac1 Ne4 27. f4 Ng3 28. Rfd1
Rce8 29. Be1 Rf7 30. Bf2 Rfe7 31. d5 Bd6 32. Nb5 Bb8 33. Nd4 Ne4 34. Bxh4 Rd7
35. Nf3 Qh5 36. Qb5 Rb7 37. Qa6 Nd6 38. Bf2 Rbe7 39. Ng5 Rd7 40. a4 Red8 41. Rd2
Qe8 42. Rdc2 Qe7 43. Qe2 g6 44. Rc5 Re8 45. b5 Qf6 46. Re1 Kg8 47. Rc3 Qd8 48.
Qd3 1-0

[Event "Olimpiade 2022 - Open"]
[Site "Chennai"]
[Date "05.08.2022"]
[Round "7.21"]
[Board "4"]
[White "Pultinevicius, Paulius"]
[Black "Gong, Qianyun"]
[Result "1-0"]
[WhiteTitle "GM"]
[BlackTitle "WGM"]
[WhiteElo "2539"]
[BlackElo "2275"]
[WhiteTeam "Lithuania"]
[BlackTeam "Singapore"]
[WhiteFideId "12809390"]
[BlackFideId "8602425"]
[EventDate "2022.07.29"]

1. d4 d5 2. c4 c6 3. Nc3 Nf6 4. e3 e6 5. Nf3 Nbd7 6. Qc2 Bd6 7. Bd3 O-O 8. O-O
dxc4 9. Bxc4 b5 10. Be2 Bb7 11. e4 e5 12. dxe5 Nxe5 13. Nd4 Neg4 14. Nf5 Bxh2+
15. Kh1 Bb8 16. Bg5 Qc7 17. f4 Bc8 18. e5 Bxf5 19. Qxf5 Ne3 20. Qh3 Nfd5 21. Bd3
g6 22. Nxd5 Nxd5 23. Rae1 f5 24. exf6 Nxf6 25. Re6 Nh5 26. Bxg6 hxg6 27. Rxg6+
Ng7 28. Re1 Rxf4 29. Bxf4 Qxf4 30. Re8+ Kf7 31. Rxg7+ Kxe8 32. Qc8# 1-0

[Event "Olimpiade 2022 - Open"]
[Site "Chennai"]
[Date "05.08.2022"]
[Round "7.22"]
[Board "1"]
[White "Henderson de La Fuente, Lance"]
[Black "Georgiadis, Nico"]
[Result "1-0"]
[WhiteTitle "GM"]
[BlackTitle "GM"]
[WhiteElo "2490"]
[BlackElo "2578"]
[WhiteTeam "Andorra"]
[BlackTeam "Switzerland"]
[WhiteFideId "32096585"]
[BlackFideId "1300113"]
[EventDate "2022.07.29"]

1. d4 Nf6 2. Nf3 d5 3. c4 e6 4. Bg5 Bb4+ 5. Nbd2 dxc4 6. Qc2 b5 7. a4 c6 8. Bxf6
gxf6 9. g3 Bb7 10. Bg2 a5 11. O-O Nd7 12. b3 cxb3 13. Nxb3 bxa4 14. Rxa4 c5 15.
dxc5 Rc8 16. Rd1 Qc7 17. Rc1 O-O 18. Nfd4 Bxg2 19. Kxg2 e5 20. Nf3 Rfe8 21. Qe4
Qc6 22. Qxc6 Rxc6 23. Nxa5 Bxa5 24. Rxa5 h5 25. Nh4 e4 26. Ra7 Rxc5 27. Rxc5
Nxc5 28. Nf5 Re5 29. Nh6+ Kg7 30. Nxf7 Rd5 31. Ng5+ Kg8 32. Nh3 h4 33. gxh4 Ne6
34. e3 Rh5 35. Re7 Re5 36. Kg3 Kf8 37. Ra7 Kg8 38. Kg4 Rb5 39. h5 Ng7 40. h6 Nf5
41. h7+ Kh8 42. Kh5 Ne7+ 43. Kh6 Nf5+ 44. Kg6 Nh4+ 45. Kxf6 Rb6+ 46. Ke5 Nf3+
47. Kd5 Rh6 48. Nf4 Ng5 49. h4 1-0

[Event "Olimpiade 2022 - Open"]
[Site "Chennai"]
[Date "05.08.2022"]
[Round "7.22"]
[Board "3"]
[White "De La Riva Aguado, Oscar"]
[Black "Pelletier, Yannick"]
[Result "1-0"]
[WhiteTitle "GM"]
[BlackTitle "GM"]
[WhiteElo "2424"]
[BlackElo "2551"]
[WhiteTeam "Andorra"]
[BlackTeam "Switzerland"]
[WhiteFideId "6900224"]
[BlackFideId "1301837"]
[EventDate "2022.07.29"]

1. e4 c5 2. Nf3 e6 3. d3 d5 4. Qe2 Nf6 5. g3 Be7 6. Bg2 b5 7. O-O O-O 8. e5 Nfd7
9. h4 Nc6 10. Bg5 a5 11. Nbd2 b4 12. Rfe1 Ba6 13. Qe3 a4 14. Qf4 h6 15. Bxe7
Qxe7 16. Bh3 Rfc8 17. h5 Nd4 18. Rac1 Rc7 19. g4 Nxf3+ 20. Nxf3 b3 21. axb3 axb3
22. c4 dxc4 23. dxc4 Bb7 24. Rc3 Bxf3 25. Qxf3 Rd8 26. Rxb3 Nb8 27. Rb6 Rcd7 28.
Bf1 Rd4 29. Re4 Qc7 30. Rxd4 Qxb6 31. Rxd8+ Qxd8 32. Qe4 Nd7 33. f4 Qh4 34. Be2
Qg3+ 35. Kf1 Qb3 36. Qd3 Qb7 37. Bf3 Qa7 38. Kg2 Nf8 39. Qd2 Qa2 40. Be2 Qa8+
41. Bf3 Qa2 42. Be2 Qa8+ 43. Kg3 Qa1 44. Bf3 Qa2 45. Qc3 Qa1 46. Qe3 Qa5 47. b3
Qa3 48. Be4 Qa5 49. Kf3 Qa1 50. Ke2 Qa2+ 51. Kd1 Qa1+ 52. Kc2 Qa2+ 53. Kc1 Qa1+
54. Bb1 Nd7 55. Qd2 Nf8 56. Kc2 Qa8 57. Qf2 Nd7 58. Kb2 Qa5 59. Qe3 Qb6 60. Qd2
Nf8 61. Qd6 Qa5 62. Bc2 Qa7 63. g5 Qa5 64. g6 fxg6 65. hxg6 h5 66. Qe7 Qa8 67.
Be4 Qc8 68. f5 exf5 69. Bd5+ Kh8 70. Qg5 1-0